Periodic Table by Borders - 90 Seconds - Statistics

General Stats
  • This quiz has been taken 1,373 times
  • The average score is 52 of 118
Answers on the Map
Answers color-coded by a green-red scale on the quiz's map according to % correct below.
 
Answer Stats
# Element % Correct
3 Lithium
92%
1 Hydrogen
90%
10 Neon
87%
2 Helium
80%
7 Nitrogen
80%
47 Silver
80%
9 Fluorine
79%
79 Gold
79%
6 Carbon
78%
80 Mercury
78%
78 Platinum
76%
11 Sodium
76%
29 Copper
75%
25 Manganese
74%
5 Boron
73%
48 Cadmium
73%
26 Iron
73%
8 Oxygen
72%
16 Sulfur
72%
27 Cobalt
71%
111 Roentgenium
71%
12 Magnesium
70%
4 Beryllium
69%
14 Silicon
69%
44 Ruthenium
67%
20 Calcium
65%
19 Potassium
63%
46 Palladium
62%
13 Aluminium
61%
30 Zinc
61%
18 Argon
60%
54 Xenon
60%
15 Phosphorus
59%
36 Krypton
58%
17 Chlorine
57%
32 Germanium
55%
28 Nickel
55%
50 Tin
55%
31 Gallium
54%
86 Radon
54%
35 Bromine
53%
93 Neptunium
52%
21 Scandium
52%
38 Strontium
52%
85 Astatine
51%
53 Iodine
51%
92 Uranium
50%
60 Neodymium
48%
91 Protactinium
48%
87 Francium
47%
88 Radium
47%
37 Rubidium
47%
82 Lead
46%
81 Thallium
45%
55 Cesium
44%
49 Indium
44%
51 Antimony
42%
56 Barium
41%
118 Oganesson
41%
22 Titanium
41%
33 Arsenic
40%
83 Bismuth
40%
95 Americium
39%
40 Zirconium
39%
42 Molybdenum
38%
34 Selenium
38%
52 Tellurium
38%
75 Rhenium
37%
23 Vanadium
36%
24 Chromium
35%
114 Flerovium
33%
39 Yttrium
33%
94 Plutonium
32%
73 Tantalum
32%
45 Rhodium
31%
117 Tennessine
31%
41 Niobium
30%
74 Tungsten
30%
99 Einsteinium
29%
77 Iridium
28%
84 Polonium
28%
62 Samarium
28%
106 Seaborgium
28%
97 Berkelium
27%
98 Californium
27%
112 Copernicium
27%
96 Curium
27%
43 Technetium
27%
100 Fermium
26%
116 Livermorium
25%
64 Gadolinium
24%
72 Hafnium
23%
67 Holmium
23%
89 Actinium
22%
58 Cerium
22%
63 Europium
22%
57 Lanthanum
22%
90 Thorium
22%
66 Dysprosium
21%
76 Osmium
20%
110 Darmstadtium
19%
108 Hassium
19%
102 Nobelium
18%
105 Dubnium
15%
71 Lutetium
15%
61 Promethium
15%
104 Rutherfordium
15%
107 Bohrium
14%
103 Lawrencium
14%
101 Mendelevium
14%
115 Moscovium
14%
59 Praseodymium
14%
69 Thulium
14%
70 Ytterbium
14%
68 Erbium
13%
109 Meitnerium
13%
113 Nihonium
13%
65 Terbium
11%
No matching quizzes found
Score Distribution
Percent of People with Each Score
Percentile by Number Answered
Your Score History
You have not taken this quiz